000 00326 a2200157 4500
001 68438
020 _a9781305862975
040 _cAnchieta - Pituba
100 _aKoustaff, Lesley
240 1 0 _aImpact 1
_leng
245 1 0 _aImpact 1
300 _a175
362 0 _a2017
650 4 _aInglês e inglês antigo
942 _cBK
999 _c68438
_d68438